Taylor Swift - Lavender Haze - Statistics

General Stats
  • This quiz has been taken 134 times
  • The average score is 254 of 283
Answer Stats
Answer % Correct
I
100%
in
100%
a
98%
haze
98%
just
98%
lavender
98%
me
98%
My
98%
my
98%
the
98%
The
98%
you
98%
You
98%
to
97%
your
97%
do
95%
on
95%
stay
95%
that
95%
That
95%
wanna
95%
at
93%
from
93%
is
93%
Is
93%
say
93%
they
93%
be
92%
don't
92%
go
92%
if
92%
I'm
92%
it
92%
Oh
92%
oh
92%
this
92%
want
92%
what
92%
All
90%
And
90%
and
90%
off
90%
too
90%
up
90%
damn
88%
give
88%
No
88%
one
88%
people
88%
shit
88%
bride
86%
chest
86%
feel
86%
much
86%
or
86%
damned
85%
desk
85%
Get
85%
gonna
85%
keep
85%
love
85%
Meet
85%
night
85%
only
85%
(Yeah
85%
yeah)
85%
creeping
83%
midnight
83%
see
83%
with
83%
asking
81%
But
81%
even
81%
girl
81%
need
81%
new
81%
ceiling
80%
into
80%
really
80%
deal
78%
listening
78%
Staring
78%
Talk
78%
talk
78%
wife
78%
been
76%
kinda
76%
spiral
76%
viral
75%
1950s
73%
ever
73%
history
71%
bringing
69%
read
69%
They're
69%
beautifully
66%
weren't
66%
find
64%
handle
64%
melancholia
64%
Surreal
64%
dizzying
59%
under
56%
scrutiny
54%
No matching quizzes found
Score Distribution
Percent of People with Each Score
Percentile by Number Answered
Your Score History
You have not taken this quiz